Season and crop report Tamil Nadu (Record no. 694404)

MARC details
000 -LEADER
fixed length control field 00879nam a2200253Ia 4500
003 - CONTROL NUMBER IDENTIFIER
control field OSt
005 - DATE AND TIME OF LATEST TRANSACTION
control field 20220927105742.0
008 - FIXED-LENGTH DATA ELEMENTS--GENERAL INFORMATION
fixed length control field 220926b |||||||| |||| 00| 0 eng d
037 ## - SOURCE OF ACQUISITION
Terms of availability Reference Collections
040 ## - CATALOGING SOURCE
Original cataloging agency RTL
Transcribing agency RTL
Language of cataloging eng
041 ## - LANGUAGE CODE
Source of code eng
Language code of text/sound track or separate title eng
100 ## - MAIN ENTRY--PERSONAL NAME
Personal name ECONOMICS AND STATISTICS Department of-
9 (RLIN) 374745
110 ## - MAIN ENTRY--CORPORATE NAME
Corporate name or jurisdiction name as entry element ECONOMICS AND STATISTICS (Department of-)
9 (RLIN) 374746
245 #0 - TITLE STATEMENT
Title Season and crop report Tamil Nadu
Remainder of title 2012-13 (Fasli-1422)
260 ## - PUBLICATION, DISTRIBUTION, ETC.
Place of publication, distribution, etc. "Chennai,"
Name of publisher, distributor, etc. "MOP, "
Date of publication, distribution, etc. 2014
300 ## - PHYSICAL DESCRIPTION
Extent 263p
Dimensions cm.
700 ## - ADDED ENTRY--PERSONAL NAME
Personal name ECONOMICS AND STATISTICS (Department of-)
9 (RLIN) 374747
942 ## - ADDED ENTRY ELEMENTS (KOHA)
Classification part "X9(J).211.P13<-P14, Q4/GD"
Koha item type
Holdings
Withdrawn status Lost status Damaged status Not for loan Home library Current library Date acquired Total Checkouts Full call number Barcode Date last seen Price effective from Koha item type
        Ratan Tata Library Ratan Tata Library 2022-09-27   "X9(J).211.P13<-P14 Q4/GD" RT1456144 2022-09-27 2022-09-27  
Copyright @ Delhi University Library System